00473nam a2200169Ia 4500003000400000005001700004008004100021020001800062040000700080041000800087082001300095100002700108245009700135260004000232300001700272365001400289OSt20220610094419.0210423s2008 xx 000 0 und d a9788126517305 cAL aeng a543 CHAN aCHAPMAN (Norman B),Ed. aAnalytical chemistry by open learning: scanning electron microscopy and x-ray microanalysis. aChichesterbJohn Wiley & Sonsc2008 axvii,103bPB b1177cINR